00909nam a22002657a 450000500170000000800410001704000270005804100080008504400080009308200180010111000650011924500690018426000350025330000160028850500370030450500540034150500300039565000540042565000230047965000270050265000230052965000170055271000350056971000390060420200104041737.0160202b xxu||||| |||| 00| 0 spa d aCO-BoIAVH cCO-BoIAVH  aspa axxu a333.717bM85m1 aDepartamento del Interior de los Estados Unidos de América aManual para la Capacitación del Personal de Áreas Protegidas aWashington:bAlan Moorec1993. a200 Paginas1 aMódulo D: Manejo de Recursos 1 aMódulo E: Administración y Relaciones Humanas1 aMódulo F: Mantenimiento 6aÁreas de conservación de recursos naturales  6aManejo de recursos 6aManejo Fauna Silvestre 6aEcología Vegetal 6avegetación2 aServicio de Parques Nacionales2 aOficina de Asuntos Internacionales